Französische Begriffe im Deutschen - Statistiken

Allgemein
  • Dieses Quiz wurde 7.911 mal gespielt
  • Das Durchschnittsergebnis liegt bei 14 aus 23
Antwortstatistiken
Umschreibung Begriff % Korrekt
E Stockwerk Etage
95%
D Gefühl, ein Erlebnis schon einmal gehabt zu haben Déjà-vu
92%
B Süßigkeit aus Zucker zum Lutschen Bonbon
88%
A Werkstatt oder Studio eines Künstlers Atelier
82%
C Person, die berufsmäßig andere in einem Auto fährt Chauffeur
82%
V Gefäß für Schnittblumen Vase
78%
J Vorrichtung zum Verdunkeln eines Fensters Jalousie
74%
G Feinschmecker Gourmet
73%
I technischer Beruf mit Hochschulausbildung Ingenieur
70%
W ärmellose Jacke Weste
70%
M Lockerung der Muskeln mit den Händen Massage
67%
Z dünne Hülle aus Papier, die mit Tabak gefüllt ist und geraucht wird Zigarette
64%
R Verabredung, Date Rendezvous
62%
F Entgleisung, Fehltritt, Taktlosigkeit Fauxpas
53%
Q Spielstock beim Billard Queue
51%
N sehr kleine Abstufung, Schattierung Nuance
46%
T dämmriger Zustand zwischen Wachsein und Schlafen Trance
46%
S Umriss, Schattenbild Silhouette
43%
P Spazierweg, zum Beispiel an einem Strand Promenade
41%
K im Voraus abschätzende Berechnung Kalkül
37%
H Huldigung, Werk zur Ehrung einer Person Hommage
34%
O einleitendes Stück einer Oper Ouvertüre
28%
L Verhältnis, Liebschaft Liaison
27%
Keine übereinstimmenden Quizze gefunden
Verteilung der Resultate
Anzahl Personen mit jedem Resultat
Perzentil nach korrekt beantworteten Fragen
Ihre Resultats-Entwicklung
Sie haben dieses Quiz noch nicht gespielt